Predaj má zvýšiť šance chemičky

Podmienky ponukového konania favorizujú záujemcu, ktorý udrží v Nováckych chemických závodoch výrobu.

Na minha lista:
Detalhes bibliográficos
Autor principal: Jesný, Martin
Formato: Capítulo de Livro
Idioma:eslovaco
Assuntos:
Tags: Adicionar Tag
Sem tags, seja o primeiro a adicionar uma tag!

MARC

LEADER 00000naa a2200000 4500
001 0135278
005 20231113072947.5
041 0 |a slo 
044 |a SK 
245 1 0 |a Predaj má zvýšiť šance chemičky  |c Martin Jesný 
520 |a Podmienky ponukového konania favorizujú záujemcu, ktorý udrží v Nováckych chemických závodoch výrobu. 
610 2 0 |a chémia 
610 2 0 |a podnik 
610 2 0 |a predaj 
610 2 0 |a konkurzy 
100 1 |a Jesný, Martin